| 000 | 00688nam a22002177a 4500 | ||
|---|---|---|---|
| 003 | UA-OsUOA | ||
| 001 | 98202 | ||
| 007 | ta | ||
| 008 | 20130410b un ||||| |||| 00| 0 ukr d | ||
| 090 |
_a821.161.1 _bП95 |
||
| 942 | _cBK | ||
| 040 |
_aUA-OsUOA _brus _cUA-OsUOA _dUA-OsUOA |
||
| 245 |
_aПьесы любительских театров _bранняя русская драматургия (ХVII - первая половина XVIII в.) _cА. Робинсон |
||
| 300 | _a859 с. | ||
| 955 | _a4 | ||
| 041 | _arus | ||
| 080 | _a821.161.1 | ||
| 260 |
_aМ. _bНаука _c1976 |
||
| 650 | 7 |
_a82 Література. Літературознавство _2UDC |
|
| 999 |
_c384611 _d384611 |
||